000 00314nam a2200145Ia 4500
003 OSt
008 191201s2010 xx 000 0 und d
082 _a658.15
_bOBI
100 _aOBRIEN, J Thomas
245 0 _aInternational Finance
260 _bOxford
_c2010
300 _a302
650 _aMBA
942 _2ddc
_cBK
999 _c7129
_d7129